<?xml version="1.0" encoding="UTF-8"?>
<collection xmlns="http://www.loc.gov/MARC21/slim">
 <record>
  <leader>00565pamaa2200193   4500</leader>
  <controlfield tag="001">0000025154</controlfield>
  <controlfield tag="005">20060529090000.0</controlfield>
  <datafield tag="020" ind1="0" ind2="0">
   <subfield code="a">0135052645 </subfield>
  </datafield>
  <datafield tag="082" ind1=" " ind2=" ">
   <subfield code="a">330.9 BER 1997</subfield>
  </datafield>
  <datafield tag="090" ind1="0" ind2="0">
   <subfield code="a">HC59 </subfield>
   <subfield code="b">BER 1997</subfield>
  </datafield>
  <datafield tag="100" ind1="1" ind2="0">
   <subfield code="a">BERRY </subfield>
  </datafield>
  <datafield tag="245" ind1="1" ind2="4">
   <subfield code="a">The Global economy in transition  </subfield>
   <subfield code="c">Brian J. L. Berry, Edgar C. Conkling and D. Michael Ray.</subfield>
  </datafield>
  <datafield tag="250" ind1="0" ind2="0">
   <subfield code="a">2nd ed..</subfield>
  </datafield>
  <datafield tag="260" ind1="0" ind2="0">
   <subfield code="a">New Jersey: </subfield>
   <subfield code="b">Prentice Hall, </subfield>
   <subfield code="c">1997.</subfield>
  </datafield>
  <datafield tag="300" ind1=" " ind2=" ">
   <subfield code="a">ix, 498p: </subfield>
   <subfield code="b">ill.; </subfield>
   <subfield code="c">28cm.</subfield>
  </datafield>
  <datafield tag="650" ind1="0" ind2="0">
   <subfield code="a">Economic geography </subfield>
  </datafield>
  <datafield tag="650" ind1="0" ind2="0">
   <subfield code="a">Natural resources </subfield>
  </datafield>
  <datafield tag="700" ind1="1" ind2="1">
   <subfield code="a">CONKLING, </subfield>
   <subfield code="h">Edgar C. </subfield>
  </datafield>
  <datafield tag="700" ind1="1" ind2="1">
   <subfield code="a">Ray, </subfield>
   <subfield code="h">D. Michael </subfield>
  </datafield>
 </record>
</collection>
